Riconosci il Pokémon - Quiz n°35 - Statistics

Statistiche generali
  • Questo quiz è stato fatto 19 volte
  • Il punteggio medio è 8 su 10
Statistiche sulle risposte
Indizio Risposta % Corretto
Generazione Quarta
100%
Tipo Terra
100%
Stadio evoluzione Prima evoluzione
89%
Altezza 2,0 m
83%
Sesso 50% ♂, 50% ♀
78%
Abilità Sabbiafiume; Silicoforza
78%
Peso 300,0 kg
72%
Tasso di cattura 60 (14.8%)
67%
Pokémon Hippowdon
67%
Tasso di allevamento Lento
67%
Nessun quiz corrispondente trovato
Distribuzione punteggi
Percentuale di utenti per punteggio
Percentile per numero di risposta
I tuoi punteggi nel tempo
Non hai fatto questo quiz